LEADER 01318nam0 2200325 450 001 000024890 005 20090324113355.0 100 $a20090324d1977----km-y0itay50------ba 101 1 $aita$cfre 102 $aIT 105 $ay-------101zy 200 1 $aMarx vivo$ela presenza di Karl Marx nel pensiero contemporaneo$fedizione integrale italiana a cura di Mario Spinella$gtraduzione di Elena Baffi, Silvano Corvisieri e Mario Spinella 205 $a4. ed. 210 $aMilano$cA. Mondadori$d1977 215 $a2 v.$d19 cm 225 2 $aOscar saggi$v5 300 $aSaggi presentati al simposio su: Il ruolo di Karl Marx nello sviluppo del pensiero scientifico contemporaneo, Parigi 8-10 maggio 1968 327 1 $a1.: Filosofia e metodologia / saggi di W. Adorno ... [et al.]$a2.: Sociologia ed economia / saggi di M. Rodinson ... [et al.] 410 0$12001$aOscar saggi 500 10$aColloque Marx$m$959257 610 1 $aMarx, Karl 676 $a335.4$v17$9Socialismo marxista, comunismo 676 $a335.4092$v20$9Sistemi marxiani. Persone 702 1$aSpinella,$bMario$f<1918-1994>$4070 801 0$aIT$bUNIPARTHENOPE$c20090324$gRICA$2UNIMARC 912 $a000024890 951 $a032/56$b410$cNAVA2 951 $a032/57$b411$cNAVA2 996 $aColloque Marx$959257 997 $aUNIPARTHENOPE LEADER 02748oam 2200697Ia 450 001 9910694423803321 005 20080714124741.0 035 $a(CKB)5470000002362904 035 $a(OCoLC)173495466 035 $a(EXLCZ)995470000002362904 100 $a20070928d2007 ua 0 101 0 $aeng 135 $aurcn||||||||| 181 $ctxt$2rdacontent 182 $cc$2rdamedia 183 $acr$2rdacarrier 200 00$aProcesses influencing the transport and fate of contaminated sediments in the coastal ocean$b[electronic resource] $eBoston Harbor and Massachusetts Bay /$fMichael H. Bothner and Bradford Butman, editors 210 1$aReston, Va. :$cU.S. Geological Survey,$d2007. 215 $aviii, 89 pages $cdigital, PDF file 225 1 $aCircular ;$v1302 300 $aTitle from Web page (viewed on Sept. 28, 2007). 311 $a1-4113-1252-X 320 $aIncludes bibliographical references (pages 82-89). 517 $aProcesses influencing the transport and fate of contaminated sediments in the coastal ocean 606 $aContaminated sediments$zMassachusetts$zBoston Harbor 606 $aContaminated sediments$zMassachusetts$zMassachusetts Bay 606 $aSediment transport$zMassachusetts$zBoston Harbor 606 $aSediment transport$zMassachusetts$zMassachusetts Bay 606 $aMarine pollution$zMassachusetts$zBoston Harbor 606 $aMarine pollution$zMassachusetts$zMassachusetts Bay 606 $aMarine sediments$zMassachusetts$zBoston Harbor 606 $aMarine sediments$zMassachusetts$zMassachusetts Bay 606 $aOcean circulation$zMassachusetts$zBoston Harbor 606 $aOcean circulation$zMassachusetts$zMassachusetts Bay 606 $aSubmarine topography$zMassachusetts$zBoston Harbor 606 $aSubmarine topography$zMassachusetts$zMassachusetts Bay 606 $aOcean bottom$xRemote sensing 615 0$aContaminated sediments 615 0$aContaminated sediments 615 0$aSediment transport 615 0$aSediment transport 615 0$aMarine pollution 615 0$aMarine pollution 615 0$aMarine sediments 615 0$aMarine sediments 615 0$aOcean circulation 615 0$aOcean circulation 615 0$aSubmarine topography 615 0$aSubmarine topography 615 0$aOcean bottom$xRemote sensing. 701 $aBothner$b Michael H$01385909 701 $aButman$b Bradford$01381636 712 02$aGeological Survey (U.S.) 801 0$bORE 801 1$bORE 801 2$bORE 801 2$bGPO 906 $aBOOK 912 $a9910694423803321 996 $aProcesses influencing the transport and fate of contaminated sediments in the coastal ocean$93523252 997 $aUNINA